000 00297nam a22001337a 4500
008 170328b xxu||||| |||| 00| 0 eng d
020 _a9780072329018
041 _aeng
080 _a796.3
100 _a8
101 _aSHM
245 _aPHYSUCAL EDUCATION EXERCIENSE
_cLUMPKIN.A
942 _2udc
_cBK
999 _c8869
_d8869